| 000 | 00532nam a2200181 i 4500 | ||
|---|---|---|---|
| 001 | 82713 | ||
| 003 | ES-MaACL | ||
| 007 | t| | ||
| 008 | 041111s1974 sp ||||1| spa d | ||
| 100 | 1 |
_aInciarte Armiñan, Fernando. _965240 |
|
| 245 | 1 | 3 |
_aEl reto del positivismo lógico / _cFernando Inciarte Armiñan. |
| 260 |
_aMadrid : _bRialp, _c[1974] |
||
| 300 |
_a310 p. ; _c20 cm. |
||
| 490 | 1 | _aNaturaleza e historia | |
| 830 | 0 | 0 |
_aNaturaleza e historia _9182943 |
| 852 |
_aES-MaACL _jE-6140 _bR.90446 |
||
| 999 |
_c82713 _d82713 |
||